000 00370pab a2200145 454500
008 180718b1986 xxu||||| |||| 00| 0 eng d
100 _aJoshi, P.C.
245 _aTelevision
_bFor whom and for what: Relevant software : Dimensions of Pla
260 _c1986
300 _a46-7,20-3
362 _a3,17 Feb.
650 _aTelevision
773 _aCapital
909 _a19259
999 _c19259
_d19259